| 000 | 02371cam a22004574i 4500 | ||
|---|---|---|---|
| 003 | PE-LiUPU | ||
| 005 | 20250731165424.0 | ||
| 008 | 160129s2009 pe a grm 000 0 spa d | ||
| 035 | _a(Sirsi) a155847 | ||
| 040 |
_aPE-LiUPU _bspa _cPE-LiUPU _erda |
||
| 099 |
_aTT 4 _bCH75 2009 |
||
| 100 | 1 |
_aChoque Fernández Juan _eautor |
|
| 245 | 1 | 3 |
_aEl régimen alimentario adventista del séptimo día en Lima metropolitana, 2008: conocimientos actitudes y prácticas / _cJuan Choque Fernández. |
| 264 | 0 | _c2009. | |
| 300 |
_a190 hojas : _bilustraciones; _c31 cm |
||
| 336 |
_atext _2rdacontent |
||
| 337 |
_aunmediated _2rdamedia |
||
| 338 |
_avolume _2rdacarrier |
||
| 502 |
_aTesis _b(Dr.) -- _cUniversidad Peruana Unión, _d2009. |
||
| 504 | _aIncluye referencias | ||
| 520 | 3 | _aEl aumento de las enfermedades crónicas es uno de los principales problemas de salud que enfrenta el mundo. El desarrollo de la urbanización, la economía y la globalización han generado un rápido cambio en el estilo de vida, con un impacto negativo para la salud poblacional. Por su lado, la iglesia adventista propone un estilo de vida saludable que incluye un RA lacto-ovo-vegetariano; el cual, según estudios realizados en diversos países, genera enormes ventajas para la prevención de las enfermedades crónicas y la longevidad. Se han estudiado las prácticas alimentarias de los Adventistas en Europa, Norteamérica y otros países; sin embargo, después de 100 años de establecida la iglesia adventista en el Perú, se desconoce el nivel de conocimientos, actitudes y practicas de los adventistas en Lima Metropolitana respecto por la IASD, así como la relación entre estas variables. | |
| 526 | _aSEG44 | ||
| 526 | _aSEG26 | ||
| 526 | _aP151 | ||
| 526 | _aP150 | ||
| 526 | _aP149 | ||
| 526 | _aP146 | ||
| 526 | _aP145 | ||
| 526 | _aP126 | ||
| 526 | _aP125 | ||
| 526 | _aP92 | ||
| 526 | _aP75 | ||
| 526 | _aP74 | ||
| 526 | _aP27 | ||
| 526 | _aP15 | ||
| 650 | 1 | 4 |
_aAlimentos _xAspectos religiosos _xAdventistas del Séptimo Día _vTesis doctorales. |
| 650 | 1 | 4 |
_aAdventistas del Séptimo Día _xConducta alimentaria _vTesis doctorales. |
| 596 | _a1 | ||
| 942 |
_2ddc _cTESIS |
||
| 999 |
_aTT 4 CH75 2009 _wALPHANUM _c8524 _iT01093 _d8524 _lCCODEBUL3 _mBUL _q1 _r1 _sY _tTESIS _u2016-1-29 _xPOSGRADO _PP94 _o.STAFF. Tesis |
||
| 980 |
_81 _gALBERTO SANCHEZ Responsable de Automatización |
||